Genetic diversity among progenitors and elite lines from the Iowa stiff Stalk Synthetic (BSSS) maize population: Comparison of allozyme and RFLP data (Record no. 59800)

MARC details
000 -LEADER
fixed length control field 00595nam a2200181Ia 4500
100 ## - MAIN ENTRY--AUTHOR NAME
Personal name Messmer M M
245 #0 - TITLE STATEMENT
Title Genetic diversity among progenitors and elite lines from the Iowa stiff Stalk Synthetic (BSSS) maize population: Comparison of allozyme and RFLP data
260 ## - PUBLICATION, DISTRIBUTION, ETC. (IMPRINT)
Name of publisher Theoretical and Applied Genetics
Year of publication 1991
300 ## - PHYSICAL DESCRIPTION
Number of Pages 97-107
650 ## - SUBJECT ADDED ENTRY--TOPICAL TERM
Topical Term Genetic distance
650 ## - SUBJECT ADDED ENTRY--TOPICAL TERM
Topical Term Genetic diversity
650 ## - SUBJECT ADDED ENTRY--TOPICAL TERM
Topical Term Principal component analysis
650 ## - SUBJECT ADDED ENTRY--TOPICAL TERM
Topical Term Rare alleles
650 ## - SUBJECT ADDED ENTRY--TOPICAL TERM
Topical Term RFLP
650 ## - SUBJECT ADDED ENTRY--TOPICAL TERM
Topical Term Zea mays L
942 ## - ADDED ENTRY ELEMENTS (KOHA)
Koha item type Journals
Holdings
Withdrawn status Lost status Damaged status Not for loan Home library Current library Date acquired Serial Enumeration / chronology Koha item type
      Journals RRII Library RRII Library 17/12/2021 Volume 83, Issue 1 Journals